ՀՀ Գիտությունների ազգային ակադեմիայի հիմնարար գիտական գրադարան  =   Fundamental Scientific Library of NAS RA

Լեզու նախնեաց : (Record no. 150302)

MARC details
000 -LEADER
fixed length control field 00590nam a2200169 u 4500
001 - CONTROL NUMBER
control field 000396559
003 - CONTROL NUMBER IDENTIFIER
control field AM-YeHGA
005 - DATE AND TIME OF LATEST TRANSACTION
control field 20250617132409.0
008 - FIXED-LENGTH DATA ELEMENTS--GENERAL INFORMATION
fixed length control field 041215s1972 ||| r 000 0 arm d
040 ## - CATALOGING SOURCE
Original cataloging agency AM-YeHGA
041 0# - LANGUAGE CODE
Language code of text/sound track or separate title arm
090 ## - LOCALLY ASSIGNED LC-TYPE CALL NUMBER (OCLC); LOCAL CALL NUMBER (RLIN)
-- 151692
245 10 - TITLE STATEMENT
Title Լեզու նախնեաց :
Remainder of title Գրաբարի դասագիրք /
Statement of responsibility, etc. Պետրոս Ս. Պետիրեան.
260 ## - PUBLICATION, DISTRIBUTION, ETC.
Place of publication, distribution, etc. Պէյրութ :
Name of publisher, distributor, etc. ՀԲԸՄ Ա. Մանուկյան մշակութ. հիմնադրամի հրատ,
Date of publication, distribution, etc. 1972.
300 ## - PHYSICAL DESCRIPTION
Extent 248 էջ.
650 14 - SUBJECT ADDED ENTRY--TOPICAL TERM
Topical term or geographic name entry element Լեզվաբանություն
General subdivision Գրաբար
Form subdivision Դասագիրք
Holdings
Withdrawn status Lost status Damaged status Not for loan Collection Home library Current library Date acquired Total checkouts Full call number Barcode Date last seen Price effective from Koha item type Public note Source of classification or shelving scheme
        General Fundamental Scientific Library Fundamental Scientific Library 28/12/2016   AII/50480 220050480 28/12/2016 28/12/2016 Գրքեր / Books 30 Days Loan  
        Jahukyan Individual Collection Fundamental Scientific Library Fundamental Scientific Library 04/08/2022   Djauk/3469 906003469 28/12/2016 28/12/2016 Գրքեր / Books ILL Non-Circ. Universal Decimal Classification


ՀՀ ԳԱԱ հիմնարար գիտական գրադարան
ՀՀ,Երևան 0019
Մարշալ Բաղրամյան 24/6
հեռախոս:(374-10) 52-47-50
Հետադարձ կապ

All site content, except where otherwise noted, is licensed under a
Creative Commons License